Loading...
| Fine Arts - Other | 0 | 6 | 1 | 1 | 55 | 48 | 78.50 | 0 | 2 | 16.54 | 24.64 |
| Literature - British | 0 | 6 | 1 | 0 | 55 | 13 | 73.83 | 1 | 1 | 19.15 | 28.72 |
| Religion | 0 | 5 | 2 | 0 | 40 | 30 | 57.60 | 0 | 3 | 22.10 | 28.48 |
| Mythology | 0 | 4 | 1 | 2 | 35 | 43 | 85.25 | 1 | 1 | 8.80 | 15.63 |
| Literature - European | 0 | 4 | 2 | 0 | 30 | 74 | 84.00 | 0 | 1 | 10.68 | 19.24 |
| Philosophy | 0 | 3 | 0 | 0 | 30 | 31 | 76.00 | 0 | 1 | 11.09 | 17.80 |
| Fine Arts - Painting and Sculpture | 0 | 4 | 2 | 1 | 30 | 60 | 77.50 | 0 | 0 | 11.32 | 11.82 |
| Fine Arts - Classical Music | 0 | 4 | 3 | 1 | 25 | 35 | 79.50 | 0 | 2 | 12.30 | 19.08 |
| Literature - American | 0 | 4 | 3 | 0 | 25 | 26 | 62.75 | 1 | 1 | 16.34 | 24.59 |
| Literature - World | 0 | 4 | 3 | 0 | 25 | 43 | 66.25 | 0 | 2 | 14.92 | 24.52 |
| History - Other | 0 | 1 | 0 | 0 | 10 | 102 | 102.00 | 0 | 0 | 0.00 | 3.79 |
| Science - Other | 0 | 0 | 1 | 0 | -5 | 0.00 | 0 | 0 | 0.00 | 0.00 | |
| Geography | 0 | 0 | 2 | 0 | -10 | 0.00 | 0 | 0 | 0.00 | 0.00 |